000 nam a22 7a 4500
999 _c174486
_d174486
003 Nust
005 20170127125352.0
008 170127b xxu||||| |||| 00| 0 eng d
020 _a9788172240530
040 _cNust
082 _a823.91
_bDOY
100 _a Doyle, Arthur Conan,
_d1859-1930
245 _aThe complete long stories of Sherlock Holmes
_cArthur Conan, Doyle
260 _aNew Delhi:
_bJaico book,
_c2010
300 _a346p.
650 _aFiction
942 _2ddc
_cBK